Marvel's Midnight Suns: Playable Characters by Picture - Statistics

General Stats
  • This quiz has been taken 55 times
  • The average score is 14 of 16
Answer Stats
Picture Answer % Correct
Blade
100%
Captain America
100%
Captain Marvel
100%
Deadpool
100%
Doctor Strange
100%
Ghost Rider
100%
Hulk
100%
Iron Man
100%
Scarlet Witch
88%
Spider-Man
88%
Venom
88%
Wolverine
88%
Storm
86%
Magik
72%
Morbius
65%
Nico Minoru
47%
No matching quizzes found
Score Distribution
Percent of People with Each Score
Percentile by Number Answered
Your Score History
You have not taken this quiz